000 00320nam a22001337a 4500
008 170619b xxu||||| |||| 00| 0 eng d
020 _a0155408968
041 _aeng
080 _a32
100 _a20
101 _aSHP
245 _aIMPERIAL AMERICA/ AMERICAN FOREIGN POLICY SINCE 1898
_cGARDNER,LL.C
942 _2udc
_cBK
999 _c18007
_d18007